A carregar...

Uncertainty and estimation in economics, Vol.3

Detalhes bibliográficos
Autor principal: Champernowne, D G
Formato: Printed Book
Publicado em: Oliver & Boyd, Edinburgh 1969
Assuntos:
LEADER 00493nam a2200193 4500
020
082 |a 330 CHA-U.3 
100 |a Champernowne, D G 
245 |a Uncertainty and estimation in economics, Vol.3 
250
260 |a Oliver & Boyd, Edinburgh  |c 1969 
300
490
500
590
650 |a Economics 
942 |c BK 
999 |c 107784  |d 107784 
952 |0 0  |1 0  |4 0  |6 330_000000000000000_CHAU_3  |7 0  |9 121251  |a ECN  |b ECN  |l 0  |o 330 CHA-U.3  |p ECN04818  |r 2019-09-25  |w 2019-09-25  |y BK